Österreich vs. Schweiz - Statistiken

Allgemein
  • Dieses Quiz wurde 29.737 mal gespielt
    29.709 seit der letzten Aktualisierung
  • Das Durchschnittsergebnis liegt bei 9 aus 15
Antwortstatistiken
Frage Antwort % Korrekt
Welches Land hat mehr Einwohner? Österreich
91%
Ist schon länger ein unabhängiger Staat? Schweiz
88%
Die Bevölkerung dieses Landes erreicht eine höhere Lebenserwartung Schweiz
87%
Welches Land hat eine höhere Bevölkerungsdichte? Schweiz
75%
Höchster Berg beider Länder ist zu finden in...? der Schweiz
74%
Welches Land hat mehr Bundesländer/Kantone? Schweiz
71%
Erfolgreicheres Land bei Alpinen Skiweltmeisterschaften (Anzahl Medaillen)? Österreich
65%
Welche Hauptstadt ist näher am Mittelmeer? Schweiz (Bern)
64%
Dieses Land erwirtschaftet mehr Einnahmen durch Tourismus? Österreich
55%
In welchem Land gab es mehr Besuche durch den Papst? Schweiz
54%
Wer besitzt eine größere Alpenfläche? Österreich
49%
Mehr Siege bei einem Aufeinandertreffen der beiden Fußballnationalmannschaften? Österreich
48%
Welches Land feiert zuerst seinen Nationalfeiertag (Start des Jahres: 1. Januar)? Schweiz
44%
Wo wurde die Todesstrafe zuerst abgeschafft? Österreich
41%
In welchem Land gibt es mehr Sonnenstunden (Durchschnittswert)? Österreich
36%
Keine übereinstimmenden Quizze gefunden
Verteilung der Resultate
Anzahl Personen mit jedem Resultat
Perzentil nach korrekt beantworteten Fragen
Ihre Resultats-Entwicklung
Sie haben dieses Quiz seit der letzten Aktualisierung nicht gespielt